000
00206nam a2200097Ia 4500
999
_c
8656
_d
8656
100
_a
S.M.Yusuf
245
0
_a
Mathematical Methods
260
_a
Lahore
_b
Ilmi Kitab Khana
_c
2001
300
_a
363
942
_c
BK